| 000 | 00870nam a22002531 4500 | ||
|---|---|---|---|
| 001 | 29068 | ||
| 003 | BD-RjUL | ||
| 005 | 20211209051352.0 | ||
| 008 | 140402s1957 nyu b 000 0 eng | ||
| 035 | _a(BD-RjUL)29153 | ||
| 035 | _a(OCoLC)372166 | ||
| 040 |
_aDLC _cODaWU _dOCoLC _dDLC _dBD-RjUL _beng |
||
| 041 | _aeng | ||
| 082 |
_a193.2 _bPHI 1957 |
||
| 245 | 1 | 4 |
_aThe philosophy of Kant and our modern world : _bfour lectures delivered at Yale University commemorating the 150th anniversary of the death of Immanual Kant / _cedited by Charles William Hendel. |
| 260 |
_aNew York : _bLiberal Arts Press, _cc1957. |
||
| 300 |
_avii, 132 p. ; _c20 cm. |
||
| 504 | _aIncludes bibliography. | ||
| 600 | 1 | 0 |
_aKant, Immanuel, _d1724-1804. _988803 |
| 700 | 1 |
_aHendel, Charles William, _d1890-1982, _988796 |
|
| 942 |
_2ddc _cBK |
||
| 999 |
_c29068 _d29068 |
||